| 000 | 00506ntaaa2200181 4500 | ||
|---|---|---|---|
| 003 | 01 | ||
| 005 | 20251027202436.0 | ||
| 008 | 0714s1973 ag 01 | ||
| 040 |
_aAR-BaBN _bspa _cAR-BaBN _eaacr _dRIC |
||
| 082 | _a266.0000 D18 | ||
| 245 | _aDame un corazón misionero; semblanzas misioneras de la hora actual. | ||
| 250 |
_a1 ed. : _bJunta Bautista de Publicaciones, _cc/963 |
||
| 300 | _a107 p. | ||
| 650 | _aMisiones | ||
| 650 |
_aColección Juvenil _923300 |
||
| 650 | _aJóvenes-Programas | ||
| 942 | _cBK | ||
| 999 |
_c19402 _d19402 |
||